La discontinuidad en las políticas públicas: La reforma de la educación básica /
Sparad:
| Huvudupphovsman: | |
|---|---|
| Institutionell upphovsman: | |
| Materialtyp: | Text |
| Språk: | Spanish |
| Publicerad: |
Caracas:
CENDES
|
| Ämnen: | |
| Taggar: |
Lägg till en tagg
Inga taggar, Lägg till första taggen!
|
MARC
| LEADER | 00000 a a2200000 04500 | ||
|---|---|---|---|
| 001 | 34155 | ||
| 003 | cru IIS | ||
| 005 | 20230418142242.0 | ||
| 008 | 230418b |||||||| |||| 00| 0 spa d | ||
| 020 | |a 980-6708-12-1 | ||
| 040 | |c CRAI/IIS | ||
| 090 | |a VE0003 C397v | ||
| 100 | |9 11133 |a Mundó, Mabel | ||
| 110 | |a Universidad Central de Venezuela. Centro de Estudios del Desarrollo | ||
| 245 | |a La discontinuidad en las políticas públicas: |b La reforma de la educación básica / |c Mabel Mundó | ||
| 260 | |a Caracas: |b CENDES | ||
| 300 | |a 242-270p. | ||
| 500 | |a CIDCACS contiene tomo I y II | ||
| 650 | |a POLITICA EDUCATIVA | ||
| 650 | |a REFORMA DE LA EDUCACION | ||
| 650 | |a EDUCACION BASICA | ||
| 650 | |a ESCOLARIDAD | ||
| 650 | |a VENEZUELA | ||
| 650 | |a ESCOLARIDAD | ||
| 942 | |2 ddc |c LI | ||
| 999 | |c 14350 |d 14350 | ||
| 773 | 0 | |0 8766 |9 8654 |a Universidad Central de Venezuela. Centro de Estudios del Desarrollo |d Caracas: CENDES 2005 |o 00793 |t Venezuela visión plural: una mirada desde el CENDES / |w (cru CIDCAS/IIS)34156 |z 980-6708-12-1 | |



